| 000 | 00609nam a2200193Ia 4500 | ||
|---|---|---|---|
| 005 | 20250326140225.0 | ||
| 008 | 250326s9999 xx 000 0 und d | ||
| 020 | _a0-471-84596-5 | ||
| 037 | _aTextbook | ||
| 040 |
_aFMSL _beng _cFMSL |
||
| 041 |
_aeng _2eng |
||
| 084 |
_aX:513obD658(2:55) P1 _qFMSL |
||
| 100 | _aTemporal P | ||
| 245 | 0 |
_aHi-Tech Hi-Touch Branding: creating brand power in the age of technology _cTemporal P; Lee K C |
|
| 260 |
_aNew York _bNew York, John Wiley & Sons _c2001 |
||
| 300 | _a219p | ||
| 942 |
_cTB _hX:513obD658(2:55) P1 |
||
| 999 |
_c1284815 _d1284815 |
||